| 000 | 00376nam a2200157Ia 4500 | ||
|---|---|---|---|
| 100 | _aKirkpatrick/ Betty | ||
| 650 | _aGeneral | ||
| 942 | _cBK | ||
| 654 | _aConcise oxford dictionary | ||
| 245 | _aConcise Oxford Thesaurus:Dictionary of Synonyus | ||
| 260 |
_bOxford university press _c2000 |
||
| 082 |
_a413.1 _bKIR |
||
| 300 | _a895 | ||
| 546 | _aENGLISH | ||
| 999 |
_c23603 _d23603 |
||